[Event "GER-chT U12"]
[Site "Muenchen"]
[Date "2022.12.28"]
[Round "4"]
[White "Schwitkowski, Luka"]
[Black "Krishnan, Vihaan"]
[Result "0-1"]
[WhiteElo "1539"]
[BlackElo "1519"]
[PlyCount "42"]
[EventDate "2022.12.26"]
[EventType "team-swiss"]
[EventRounds "7"]
[EventCountry "GER"]
[SourceTitle "CBM 212 Extra"]
[Source "ChessBase"]
[SourceDate "2023.03.31"]
[SourceVersion "1"]
[SourceVersionDate "2023.03.31"]
[SourceQuality "1"]
[WhiteTeam "Erkenschwick"]
[BlackTeam "Kirchheim/Teck"]
[WhiteTeamCountry "GER"]
[BlackTeamCountry "GER"]

1. e4 e5 2. Nf3 Nc6 3. Bb5 a6 4. Ba4 Nf6 5. 0-0 d6 6. Bxc6+ bxc6 7. d4 exd4 8. Nxd4 c5 9. Nb3 Be7 10. Nc3 0-0 11. f3 Re8 12. Be3 Bf8 13. Qd2 Be6 14. Rad1 Qd7 15. Nd5 Bxd5 16. exd5 Qb5 17. Bg5 Re2 18. Qc1 Nd7 19. c4 Qa4 20. Rfe1 Rae8 21. Be3 R8xe3 0-1